LEADER 02390oas 2200937 a 450 001 9910142659303321 005 20251105213014.0 011 $a1573-7209 035 $a(DE-599)ZDB2003393-X 035 $a(DE-599)2003393-X 035 $a(OCoLC)41554764 035 $a(CONSER) 2001262342 035 $a(CKB)954927383314 035 $a(EXLCZ)99954927383314 100 $a19990616a19979999 sy 101 0 $aeng 135 $aurmnu|||||||| 181 $ctxt$2rdacontent 182 $cc$2rdamedia 183 $acr$2rdacarrier 200 10$aAngiogenesis 210 $a[Dordrecht] $cKluwer Academic Publishers$d1997- 300 $aRefereed/Peer-reviewed 300 $aTitle from journal information screen (viewed October 29, 2001). 311 08$a0969-6970 531 1 $aAngiogenesis 606 $aNeovascularization$vPeriodicals 606 $aNeovascularization 606 $aNeovascularization, Pathologic 606 $aNeovascularization, Physiologic 606 $aNe?ovascularisation$vPe?riodiques 606 $aNe?ovascularisation 606 $aNeovascularization$2fast$3(OCoLC)fst01035916 606 $aAngiogènesi$2thub 608 $aPeriodical. 608 $aperiodicals.$2aat 608 $aPeriodicals.$2fast 608 $aPeriodicals.$2lcgft 608 $aPe?riodiques.$2rvmgf 608 $aRevistes electròniques.$2thub 615 0$aNeovascularization 615 0$aNeovascularization. 615 2$aNeovascularization, Pathologic. 615 2$aNeovascularization, Physiologic. 615 6$aNe?ovascularisation 615 6$aNe?ovascularisation. 615 7$aNeovascularization. 615 7$aAngiogènesi. 676 $a612.13 801 0$bF#A 801 1$bF#A 801 2$bNSD 801 2$bCGU 801 2$bOCLCQ 801 2$bAGL 801 2$bMUQ 801 2$bOCLCQ 801 2$bZCU 801 2$bSERSO 801 2$bOCLCQ 801 2$bPFM 801 2$bOCLCQ 801 2$bOCLCF 801 2$bOCLCO 801 2$bOCLCQ 801 2$bUKMGB 801 2$bVT2 801 2$bNJT 801 2$bDKU 801 2$bOCLCO 801 2$bOCLCQ 801 2$bOCLCO 801 2$bOCLCQ 801 2$bUAB 801 2$bSFB 801 2$bOCLCL 801 2$bOCLCQ 906 $aJOURNAL 912 $a9910142659303321 996 $aAngiogenesis$9230745 997 $aUNINA